• 首页
  • 本馆介绍
  • 公告通知
  • 最新文献
  • 馆藏检索
  • 电子资源
  • 读者导购
  • 参考咨询
  • 我的图书馆
  • 登录
  • 详细信息显示
  • 放入我的书架
  • 预约/预借图书
  • 作者相关作品
  • 分类相关作品
  • 丛书相关作品
  • 出版社相关作品

书目信息

  • 表格格式
  • 工作单格式
  • 卡片格式
题名:
工程量清单计价实务
    
 
作者: 郭阳明 , 陈瑜 主编
分册:  
出版信息: 北京   北京理工大学出版社有限责任公司  2020.7
页数: 253页
开本: 26cm
丛书名:
单 册:
中图分类: TU723.3
科图分类:
主题词: 建筑造价
电子资源:
ISBN: 978-7-5682-8722-7
000 00995nam0 2200253 45
001 012001001464
005 20211012153307.17
010    @a978-7-5682-8722-7@dCNY68.00
100    @a20201027d2020 em y0chiy50 ea
101 0  @achi
102    @aCN@b110000
105    @ay z 000yy
106    @ar
200 1  @a工程量清单计价实务@Agong cheng liang qing dan ji jia shi wu@b专著@f郭阳明,陈瑜主编
205    @a3版
210    @a北京@c北京理工大学出版社有限责任公司@d2020.7
215    @a253页@d26cm
330    @a本书主要内容包括概论、建筑工程工程量清单计价基础知识、建筑工程建筑面积计算、房屋建筑工程工程量清单项目设置与工程量计算、装饰装修工程工程量清单项目设置与工程量计算、措施项目工程工程量清单项目设置与工程量计算、建筑工程工程量清单计价文件编制、合同价款管理及支付。
606 0  @a建筑造价
690    @aTU723.3@v5
701  0 @a郭阳明@Aguo yang ming@c(建筑工程)@4主编
701  0 @a陈瑜@Achen yu@c(建筑学)@4主编
801  0 @aCN@bBJSDL@c20211011
905    @b1334596-9@dTU723.3@e1920=3@f4
    
    工程量清单计价实务/郭阳明,陈瑜主编.-3版.-北京:北京理工大学出版社有限责任公司,2020.7
    253页;26cm
    
    
    ISBN 978-7-5682-8722-7:CNY68.00
    本书主要内容包括概论、建筑工程工程量清单计价基础知识、建筑工程建筑面积计算、房屋建筑工程工程量清单项目设置与工程量计算、装饰装修工程工程量清单项目设置与工程量计算、措施项目工程工程量清单项目设置与工程量计算、建筑工程工程量清单计价文件编制、合同价款管理及支付。
●
相关链接 在E读中查询图书 在五车中查询图书 在当当中查询图书 在豆瓣中查询图书


正题名:工程量清单计价实务     索取号:TU723.3/1920=3         预约/预借

序号 登录号 条形码 馆藏地/架位号 状态 备注
1 1334596   213345968   第二样本阅览室/ [索取号:TU723.3/1920=3] 在馆    
2 1334597   213345977   第三借阅区/ [索取号:TU723.3/1920=3] 在馆    
3 1334598   213345986   第三借阅区/ [索取号:TU723.3/1920=3] 在馆    
4 1334599   213345995   第三借阅区/ [索取号:TU723.3/1920=3] 在馆    
唐山师范学院图书馆 欢迎您!
大连网信软件有限公司© 版权所有